Hệ thống toàn văn 11 luật và các nghị quyết của Quốc hội nước Cộng hòa xã hội chủ nghĩa Việt Nam khóa XIII, kỳ họp thứ 7 thông qua áp dụng 1-1-2015
Giới thiệu toàn văn các luật Quốc hội khóa XIII, kỳ họp thứ 7 thông qua. Gồm: Luật hôn nhân và gia đình 2014; Luật đầu tư công 2014; Luật Hải quan 2014; Luật phá sản 2014; Luật bảo vệ môi trường 2014; Luật công chứng 2014; Luật xây dựng 201...
Сохранить в:
| Корпоративные авторы: | , |
|---|---|
| Формат: | |
| Язык: | Undetermined |
| Опубликовано: |
Hà Nội
Hồng Đức
2014
|
| Предметы: | |
| Метки: |
Добавить метку
Нет меток, Требуется 1-ая метка записи!
|
| Thư viện lưu trữ: | Trung tâm Học liệu Trường Đại học Cần Thơ |
|---|
| LEADER | 01248nam a2200229Ia 4500 | ||
|---|---|---|---|
| 001 | CTU_196530 | ||
| 008 | 210402s9999 xx 000 0 und d | ||
| 020 | |c 175000 | ||
| 082 | |a 340.597 | ||
| 082 | |b V308 | ||
| 110 | |a Việt Nam (Cộng hòa xã hội chủ nghĩa) | ||
| 110 | |b Quốc hội | ||
| 245 | 0 | |a Hệ thống toàn văn 11 luật và các nghị quyết của Quốc hội nước Cộng hòa xã hội chủ nghĩa Việt Nam khóa XIII, kỳ họp thứ 7 thông qua áp dụng 1-1-2015 | |
| 245 | 0 | |c Việt Nam (Cộng hòa xã hội chủ nghĩa). Quốc hội | |
| 260 | |a Hà Nội | ||
| 260 | |b Hồng Đức | ||
| 260 | |c 2014 | ||
| 520 | |a Giới thiệu toàn văn các luật Quốc hội khóa XIII, kỳ họp thứ 7 thông qua. Gồm: Luật hôn nhân và gia đình 2014; Luật đầu tư công 2014; Luật Hải quan 2014; Luật phá sản 2014; Luật bảo vệ môi trường 2014; Luật công chứng 2014; Luật xây dựng 2014..... | ||
| 650 | |a Law,Luật | ||
| 650 | |z Vietnam,Việt Nam | ||
| 904 | |i Hải | ||
| 980 | |a Trung tâm Học liệu Trường Đại học Cần Thơ | ||